000 00554nam a2200241Ia 4500
005 20250425162313.0
008 250425s9999 xx 000 0 und d
041 _aspa
082 _a363.7
110 _aREZZA EDITORES
245 0 _aTRATADO UNIVERSAL DEL MEDIO AMBIENTE
250 _a1A ED.
260 _aGUANAJUATO
260 _aMéxico
_bREZZA EDITORES
_c1950
300 _a124
650 _aBIOSFERA
650 _aECOLOGIA
650 _aECOSISTEMA
650 _aFLORA Y FAUNA
650 _aHISTORIA
942 _c01
010 _a60450
999 _c226466
_d226466